MDQL
is popping MORE tags! Check the
thread
!
Quizzes
Events
Quiz Creation
Community
Videos
Private Events
Remove Ads
Sign In
Join for FREE
Feedback
Dark Mode
Quiz Categories
Sports
Geography
Music
Movies
Television
Just For Fun
Miscellaneous
History
Literature
Language
Science
Gaming
Entertainment
Religion
Holiday
For Kids
Quiz Lab
Recent
Popular Today
Quiz Kudos Today
Editor Picks
Curator Picks
Quizzes by...
Day
Popularity
Type
Ratings
Length
Year
Community
Subscriptions
Recent Discussions
Orange Saloon
Badges
Playlists
Quests
Create
Leaderboards
Showdown
Live 5
Trivia Bingo
Activity
Puzzle Library
Sporcle Events
Private Events
Virtual Trivia
Globe League
Become a Host
Pub Owners
SporcleCon
Opinionation
Our Games
Videos
Blog
Mobile Apps
Partnerships
Remove Ads and Go Orange
Feedback
Music
Pop Music
The Beatles
Song
Album
Lyrics
Bands
Singers
Artist
Clip
Rock
Rap
Classical
Billboard
Country Music
Kpop
Taylor Swift
Music
Pop Music
The Beatles
Song
Album
Lyrics
Bands
Singers
Artist
Clip
Rock
Rap
Classical
Billboard
Country Music
Kpop
Taylor Swift
Random Quiz
Search Sporcle
×
Quiz Lab
Quiz Lab
Music
Album
Type in answers that appear in a list
Type in answers that appear in a list
Classic
Best Score? Go Orange.
BRIT Award-winning Albums Stats
Can you name the BRIT Award-winning Albums?
By
SporcleEXP
10m
41 Questions
123 Plays
123 Plays
123 Plays
Comments
Comments
Give Quiz Kudos
Give Quiz Kudos
-
- Ratings
hide this ad
Replay
Link that replays current quiz
Next Quiz
Link to next quiz in quiz playlist
You Got
0%
They Got
Avg Score
16%
Avg Friend Score
Upgrade to see
Score Distribution
Jump to the score distribution portion of the page
Score
0/41
Timer
10:00
0
Plays Today
Year
Album
% Correct
2012
21
63.9%
1995
Parklife
52.5%
2001
Parachutes
33.6%
2003
A Rush of Blood to the Head
32.8%
2007
Whatever People Say I Am, That's What I'm Not
27.9%
1997
Everything Must Go
25.4%
1977
Sgt. Pepper's Lonely Hearts Club Band
23.8%
1987
Brothers in Arms
23.8%
1998
Urban Hymns
23%
2000
The Man Who
23%
2008
Favourite Worst Nightmare
23%
1993
Diva
19.7%
2004
Permission to Land
18.9%
2005
Hopes and Fears
18%
2009
Rockferry
17.2%
1991
Listen Without Prejudice
16.4%
1996
(What's The Story) Morning Glory
16.4%
1999
This Is My Truth Tell Me Yours
16.4%
2010
Lungs
16.4%
1985
Diamond Life
14.8%
2002
No Angel
14.8%
Year
Album
% Correct
2011
Sigh No More
14.8%
2006
X&Y
13.9%
1994
Connected
13.1%
1989
The First of a Million Kisses
12.3%
1992
Seal
10.7%
1982
Kings of the Wild Frontier
9%
2005
Scissor Sisters
9%
1983
Love Songs
8.2%
1988
...Nothing Like the Sun
8.2%
1990
The Raw and the Cooked
8.2%
2010
The Fame
8.2%
2011
The Suburbs
7.4%
1977
Bridge Over Troubled Water
6.6%
2002
Fever
6.6%
2003
The Eminem Show
6.6%
2006
American Idiot
6.6%
2009
Only By The Night
6.6%
2004
Justified
4.9%
2007
Sam's Town
4.1%
2008
Echoes, Silence, Patience & Grace
3.3%
Quiz Playlist
Details
Report
Send in Message
Add To Playlist
Classic:
Type in answers that appear in a list
Last Updated: Feb 16, 2017
Quiz Scoreboard
CHALLENGE
Sign Up to Join the Scoreboard
Show All
Scores
Hide
Comments
May contain spoilers
Recently Published
Colored Red Africa Blitz
by spor1
Geography
30s
Find the 'City' Movie
by crazypaving
Movies
60s
5x2 Blitz: Bands
by SL_Kpop136
Music
30s
More to Explore
Quiz From the Vault
Featured Blog Post
14 Easter Pick-up Lines to Find Eggs With
hide this ad
You Might Also Like...
Tags
Album Quiz
britain
Brit Awards
British Albums
Music Awards
Today's Top Quizzes in Music
Browse Music
hide this ad
Today's Top Quizzes in Album
Browse Album
Top Contributed Quizzes in Music
1
5X2 Blitz: Bands II
2
Taylor Swift All Songs (2024)
3
Taylor Swift Logic Puzzle II
4
5X2 Blitz: The Beatles
5
5X2 Blitz: Billboard
6
Taylor Swift Logic Puzzle
7
5X2 Blitz: Billboard II
8
5X2 Blitz: Album
9
5X2 Blitz: Singers
10
Music Artist by Three 2010s hits
Explore More
Trending Topics
Disney
NBA
Crossword
Harry Potter
Anime
Marvel
Kpop
Puzzle
Country
Pokémon
Soccer
Song
WWE
NFL
The Office
hide this ad
More By:
SporcleEXP
Quiz
Plays
Rating
Category
Featured
Created
Harry Potter Deaths in Order Minefield
3,068,764
4.18
Literature
Jan 27, 2016
Sins, Dwarfs, and Spice Girls
847,321
4.42
Just For Fun
Apr 11, 2012
Ancient History Bunker
708,282
4.28
History
Jan 20, 2014
Movie Posters VI
679,084
4.37
Movies
Nov 12, 2010
Movie Posters VII
621,904
4.44
Movies
Apr 16, 2011
Go to Creator's Profile
Score Distribution
Quiz Creator Spotlight
SporcleEXP
Follow
Send a Message
Quizzes Created
-
Created Quiz Play Count
-
More By This Creator
Popular Quizzes Today
1
Colored Red Africa Blitz
2
Find the 'City' Movie
3
Find the US States - No Outlines Minefield
4
5x2 Blitz: Bands
5
The Countries of the World
6
Find the US States
7
US States
8
9x9 Crossword: Cartoon Network
More Music Quizzes
Reverse It Right: Taylor Swift
Published
Trending Quizzes
Colored Red Europe Blitz I
Colored Red Europe Blitz II
Colored Red Africa Blitz II
Colored Red Africa Blitz III
Colored Red Europe Blitz III
Recently Updated
Godzilla Movies
pecheneg
Grab Bag: 4-10 Letters
pecheneg
2024 March Madness Bracket
pecheneg
Famous TV Couples
Peacemaker
Champions League XIs: Real Madrid
pecheneg
Largest US Cities 1790-2010
pecheneg
Rides in Walt Disney World
pecheneg
Most Oscar Losses (Acting)
pecheneg
Beyoncé Albums
pecheneg
Leaping Animals
pecheneg
Trending Topics
Kpop
NBA
Disney
Anime
Harry Potter
Marvel
Crossword
Soccer
WWE
Puzzle
NFL
Song
Pokémon
Country
The Office
Your Account Isn't Verified!
In order to create a playlist on Sporcle, you need to verify the email address you used during registration. Go to your
Sporcle Settings
to finish the process.
Report this User
Report this user for behavior that violates our
Community Guidelines
.
Details:
Send Report
Go to the Sporcle.com Mobile Site →
Comments